000 00906nam a2200289 a 4500
001 000024898
003 OSt
005 20250407133454.0
008 100712s1972 mx 000 | spa d
020 _a9681309944
040 _aDO-SdBNP
_bspa
_cBNPHU
082 _a363.61
_bP156a
100 1 _aPalerm, Ángel
_951118
245 1 0 _aAgricultura y civilización en Mesoamérica /
_cÁngel Palerm y Eric Wolf.
260 _aMéxico, D. F. :
_bSecretaria Educación Pública,
_c1972.
300 _a212 p. :
_bil. ;
_c21 cm.
490 1 _aSepSetentas
_v32
504 _aIncluye referencia bibliográficas : p. 207-212
650 0 _aAbastecimiento de agua
_911680
650 4 _aUtilización del agua
_951119
650 4 _aConservación del agua
_946464
650 4 _aConsumo de agua
_943639
700 1 _aWolf, Eric
_951120
830 0 _aSepSetentas, 32
_976710
942 _2ddc
_cLF1
956 _aLOPEREZ
999 _c24391
_d24391